Aplikácia fermentovaných agroodpadov v cereálnych výrobkoch

Saved in:
Bibliographic Details
Main Author: Čolláková, Karolína (Author)
Other Authors: Klempová, Tatiana (Thesis advisor)
Format: Manuscript Book
Language:Slovak
Published: 2024
Subjects:
Online Access:http://is.stuba.sk/zp/portal_zp.pl?podrobnosti=157434
Tags: Add Tag
No Tags, Be the first to tag this record!

MARC

LEADER 00000ntm a22000003a 4500
001 stuzp99420
003 SK-STU
005 20240622210937.3
007 ta
008 150427s2015----xo-----f-mn---000-0-slo-d
040 |a STU  |b slo 
041 0 |a slo 
100 1 |a Čolláková, Karolína  |u 044000  |4 aut  |U FCHPT Fakulta chemickej a potravinárskej technológie  |T FCHPT Ústav biotechnológie  |X 104797  |U C4000  |Y 102  |7 104797 
242 0 1 |a Application of fermented agrowaste materials in cereal products  |y eng 
245 1 0 |a Aplikácia fermentovaných agroodpadov v cereálnych výrobkoch 
260 |c 2024 
650 4 |a agroodpady  |2 slo 
650 4 |a polosuché fermentácie  |2 slo 
650 4 |a Actinomucor elegans  |2 slo 
650 4 |a kyselina gama-linolénová  |2 slo 
650 4 |a agrowastes  |2 eng 
650 4 |a solid-state fermentation  |2 eng 
650 4 |a gamma-linolenic acid  |2 eng 
650 4 |a Actinomucor elegans  |2 eng 
700 1 |a Klempová, Tatiana  |u 044000  |k Z1  |4 ths  |U FCHPT Fakulta chemickej a potravinárskej technológie  |T FCHPT Ústav biotechnológie  |X 21604  |U C4000  |Y 102  |7 A000021604 
856 4 |u http://is.stuba.sk/zp/portal_zp.pl?podrobnosti=157434